• 首页
  • 本馆介绍
  • 公告通知
  • 最新文献
  • 馆藏检索
  • 电子资源
  • 读者导购
  • 参考咨询
  • 我的图书馆
  • 登录
  • 详细信息显示
  • 放入我的书架
  • 预约/预借图书
  • 作者相关作品
  • 分类相关作品
  • 丛书相关作品
  • 出版社相关作品

书目信息

  • 表格格式
  • 工作单格式
  • 卡片格式
题名:
超越现实主义?冷战后的北约及美欧联盟关系
    
 
作者: 钟振明 著
分册:  
出版信息: 上海   上海社会科学院出版社  2014.8
页数: 214页
开本: 24cm
丛书名:
单 册:
中图分类: E161
科图分类:
主题词: 北大西洋公约组织--Bei Da Xi Yang Gong Yue Zu Zhi--概况
电子资源:
ISBN: 978-7-5520-0416-8
000 01532nam0 22002531 450
001 349588
005 20161009083344.26
010    @a978-7-5520-0416-8@dCNY39.80
100    @a20150106d2014 em y0chiy50 ea
101 0  @achi
102    @aCN@b310000
105    @ay z 000yy
106    @ar
200 1  @a超越现实主义?冷战后的北约及美欧联盟关系@AChao Yue Xian Shi Zhu Yi Leng Zhan Hou De Bei Yue Ji Mei Ou Lian Meng Guan Xi@f钟振明著
210    @a上海@c上海社会科学院出版社@d2014.8
215    @a214页@d24cm
312    @a封面英文题名:Transcending realism? NATO and the Atlantic Alliance after the end of the Cold War
330    @a本书研究了冷战结束后国际权力新格局下北约组织的演变及其关键调整,以及由此反映出的美欧联盟关系的变化。全书从北约主要成员国之间围绕权力与安全目标而进行的角逐这个角度,分析北约在冷战后发生的一系列发展变化,包括北约的持续扩大、围绕北约建立欧洲力量支柱而进行的斗争和妥协、北约战略概念和主要任务的持续调整,以及北约在冷战后发生的若干次重要国际危机中所扮演的角色等重要议题。作者分析了冷战结束后国际关系理论中现实主义的均势理论和威胁均衡理论对北约未来发展趋势的预测,也考察了自由主义者和建构主义者对联盟持续原因的看法,并在此基础上指出,理解和预测北约在冷战后的演变,需要把握几对重要关系。
510 1  @aTranscending realism? NATO and the Atlantic Alliance after the end of the Cold War@zeng
606 0  @a北大西洋公约组织@ABei Da Xi Yang Gong Yue Zu Zhi@x概况
690    @aE161@v5
701  0 @a钟振明@AZhong Zhen Ming@f(1975.3~)@4著
801  0 @aCN@bTANGWEI@20160730
905    @b0885765-9@dE161@e68@f5
    
    超越现实主义?冷战后的北约及美欧联盟关系/钟振明著.-上海:上海社会科学院出版社,2014.8
    214页;24cm
    
    
    ISBN 978-7-5520-0416-8:CNY39.80
    本书研究了冷战结束后国际权力新格局下北约组织的演变及其关键调整,以及由此反映出的美欧联盟关系的变化。全书从北约主要成员国之间围绕权力与安全目标而进行的角逐这个角度,分析北约在冷战后发生的一系列发展变化,包括北约的持续扩大、围绕北约建立欧洲力量支柱而进行的斗争和妥协、北约战略概念和主要任务的持续调整,以及北约在冷战后发生的若干次重要国际危机中所扮演的角色等重要议题。作者分析了冷战结束后国际关系理论中现实主义的均势理论和威胁均衡理论对北约未来发展趋势的预测,也考察了自由主义者和建构主义者对联盟持续原因的看法,并在此基础上指出,理解和预测北约在冷战后的演变,需要把握几对重要关系。
●
相关链接 在E读中查询图书 在五车中查询图书 在当当中查询图书 在豆瓣中查询图书


正题名:超越现实主义?冷战后的北约及美欧联盟关系     索取号:E161/68         预约/预借

序号 登录号 条形码 馆藏地/架位号 状态 备注
1 0885765   208857655   第一样本阅览室/ [索取号:E161/68] 在馆    
2 0885766   208857664   第一借阅区/ [索取号:E161/68] 在馆    
3 0885767   208857673   第一借阅区/ [索取号:E161/68] 在馆    
4 0885768   208857682   第一借阅区/ [索取号:E161/68] 在馆    
5 0885769   208857691   第一借阅区/ [索取号:E161/68] 在馆    
唐山师范学院图书馆 欢迎您!
大连网信软件有限公司© 版权所有